[Event "Druzynowe Mistrzostwa Polski Juniorow 2019 - II Liga"]
[Site "Szczyrk"]
[Date "1899-12-30"]
[Round "7.52"]
[White "Komendecki, Antoni"]
[Black "Uhryn, Mateusz"]
[Result "1/2-1/2"]
[WhiteTitle "II"]
[BlackTitle "II"]
[WhiteElo "1416"]
[BlackElo "1321"]

1. e4 c5 2. Nf3 Nc6 3. d4 cxd4 4. Nxd4 g6 5. Nc3 Bg7 6. Be3 Nf6 7. Bc4 Qa5 8. f3
Qb4 9. Bb3 Nxe4 10. Nxc6 Bxc3+ 11. bxc3 Qxc3+ 12. Ke2 dxc6 13. Bd4 e5 14. Be3
Qxb3 15. axb3 Nc3+ 16. Kf2 Nxd1+ 17. Rhxd1 Bf5 18. Rd2 O-O 19. g4 Be6 20. Rxa7
Rxa7 21. Bxa7 Ra8 22. Be3 Kg7 23. Rd1 Kg8 24. Rd2 Kg7 25. Kg3 f5 26. Bc5 Ra2 27.
b4 fxg4 28. fxg4 Ra3+ 29. Rd3 Rxd3+ 30. cxd3 Bd5 31. g5 Kf7 32. d4 Ke6 33. Kg4
1/2-1/2

[Event "Druzynowe Mistrzostwa Polski Juniorow 2019 - II Liga"]
[Site "Szczyrk"]
[Date "1899-12-30"]
[Round "7.53"]
[White "Skiba, Aleksandra"]
[Black "Lascar, Maria Elena"]
[Result "1/2-1/2"]
[WhiteTitle "I++"]
[BlackTitle "I+"]
[WhiteElo "1795"]
[BlackElo "1590"]

1. d4 Nf6 2. c4 e6 3. Nc3 Bb4 4. e3 O-O 5. Bd3 d5 6. Nge2 c5 7. a3 Bxc3+ 8. bxc3
dxc4 9. Bxc4 Qa5 10. O-O cxd4 11. cxd4 b6 12. Ng3 Qc3 13. Qb3 Qxb3 14. Bxb3 Bb7
15. Bd2 Nbd7 16. Rac1 Rac8 17. f3 b5 18. e4 Nb6 19. Bb4 Rfd8 20. Ne2 Nc4 21. Bxc4
bxc4 22. Be7 Rd7 23. Bxf6 gxf6 24. Kf2 Rc6 25. Ke3 Ra6 26. Rc3 Ra5 27. Rb1 Kg7
28. Rb4 Ba6 29. Ng3 f5 30. Nf1 f4+ 1/2-1/2

[Event "Druzynowe Mistrzostwa Polski Juniorow 2019 - II Liga"]
[Site "Szczyrk"]
[Date "1899-12-30"]
[Round "7.54"]
[White "Salamon, Julia"]
[Black "Luniewska, Daria"]
[Result "1/2-1/2"]
[WhiteTitle "I"]
[BlackTitle "II+"]
[WhiteElo "1273"]
[BlackElo "1335"]

1. d4 c5 2. d5 e5 3. c4 d6 4. Nc3 Nf6 5. e4 Be7 6. Nf3 O-O 7. Be2 Ne8 8. O-O f5
9. h3 Na6 10. a3 b6 11. Bd2 Nac7 12. Rc1 Rb8 13. a4 a6 14. Qb3 Bd7 15. Bd3 f4
16. Ra1 a5 17. Rac1 Qc8 18. Kh2 Rf6 19. Rh1 Rh6 20. Bf1 Bg4 21. Qd1 Bh4 22. Kg1
Bxf3 23. Qxf3 Nf6 24. Be2 Rg6 25. Kh2 Nfe8 26. Be1 Rh6 27. Qg4 Qd8 28. Rg1 Bg5
29. Rh1 f3 30. Rc2 fxe2 31. Qxe2 Rg6 32. g3 Be7 33. Bd2 Bg5 34. Be1 Be7 35. Bd2
Rf6 36. Rf1 Qd7 37. Bg5 Rf7 38. Be3 Nf6 39. Qd1 Rbf8 40. f3 Nh5 41. Rcf2 g6 42.
Qd2 Bf6 43. b3 Qd8 44. Bh6 Bg7 45. Bg5 Bf6 46. Bh6 Bg7 47. Bg5 Qd7 48. Be3 Ne8
49. Ne2 Nc7 50. Nc3 Kh8 51. Ne2 Nf6 52. Qc1 h5 53. h4 Kh7 54. Kg2 Ng8 55. Qd2
Na6 56. Qc1 Nb4 57. Qd2 Rf6 58. Ng1 Bh6 59. Bg5 Bxg5 60. Qxg5 Nd3 61. Rd2 Nb4
62. Rdf2 Qe7 63. Kh3 R6f7 64. Qd2 Nh6 65. Kg2 Rg8 66. Nh3 Kg7 67. Ng5 Rf6 68.
Nh3 Na6 69. Ng5 Nc7 70. Qe3 Nf7 71. Nh3 Rf8 72. Qd2 Na6 73. Qe3 Nb4 74. Qd2 1/2-1/2

[Event "Druzynowe Mistrzostwa Polski Juniorow 2019 - II Liga"]
[Site "Szczyrk"]
[Date "1899-12-30"]
[Round "7.55"]
[White "Kijkowski, Michal"]
[Black "Lichorad, Mateusz"]
[Result "1/2-1/2"]
[WhiteTitle "I"]
[BlackTitle "I"]
[WhiteElo "1789"]
[BlackElo "1801"]

1. e4 c5 2. Nf3 e6 3. d4 cxd4 4. Nxd4 Nc6 5. Nc3 Qc7 6. Be3 a6 7. Qd2 Nf6 8. O-O-O
Bb4 9. f3 Ne5 10. Qe1 Bxc3 11. Qxc3 Qxc3 12. bxc3 d5 13. Bg5 dxe4 14. Bxf6 gxf6
15. fxe4 b5 16. Nf3 Bb7 17. Bd3 Rc8 18. Nxe5 fxe5 19. Kb2 Rg8 20. Rhg1 Ke7 21.
g4 Rg7 22. Rg3 Rcg8 23. Rdg1 h6 24. h4 f5 25. exf5 e4 26. f6+ Kxf6 27. Be2 Bd5
28. c4 bxc4 29. Kc3 Ke5 30. Rf1 a5 31. a3 Rh8 32. Rf2 Rhg8 33. Rf1 1/2-1/2

[Event "Druzynowe Mistrzostwa Polski Juniorow 2019 - II Liga"]
[Site "Szczyrk"]
[Date "1899-12-30"]
[Round "7.56"]
[White "Kupiecki, Szymon"]
[Black "Budny, Piotr"]
[Result "1-0"]
[WhiteTitle "I"]
[BlackTitle "II"]
[WhiteElo "1573"]
[BlackElo "1426"]

1. e4 e6 2. d4 d5 3. Nd2 Nf6 4. e5 Nfd7 5. f4 c5 6. c3 Nc6 7. Ndf3 Qb6 8. g3 cxd4
9. cxd4 Bb4+ 10. Kf2 O-O 11. Kg2 f6 12. Bd3 Kh8 13. Bb1 a5 14. Qd3 g6 15. h4 fxe5
16. fxe5 Nxd4 17. Qxd4 Qxd4 18. Nxd4 Nxe5 19. h5 Ng4 20. Ndf3 gxh5 21. Rxh5 e5
22. Nxe5 Rf2+ 23. Kh1 Nxe5 24. Rxe5 Bd7 25. Be3 Rf1 26. Bd4 Kg8 27. Bxh7+ Kxh7
28. Rxf1 Kg6 29. Nf3 Rh8+ 30. Nh4+ 1-0

[Event "Druzynowe Mistrzostwa Polski Juniorow 2019 - II Liga"]
[Site "Szczyrk"]
[Date "1899-12-30"]
[Round "7.57"]
[White "Nawalaniec, Adam"]
[Black "Krawczyk, Flawian"]
[Result "0-1"]
[WhiteTitle "II"]
[BlackTitle "I"]
[WhiteElo "1318"]
[BlackElo "1848"]

1. e4 c5 2. Nf3 d6 3. d4 cxd4 4. Nxd4 Nf6 5. Nc3 a6 6. Be2 e5 7. Nb3 Be7 8. O-O
O-O 9. Be3 Nc6 10. f3 Be6 11. Nd5 Bxd5 12. exd5 Na5 13. c4 Nxb3 14. Qxb3 Qc7 15.
Qd3 a5 16. a3 a4 17. b4 axb3 18. Rfb1 Nd7 19. Rxb3 Nc5 20. Bxc5 Qxc5+ 21. Qe3
Qxe3+ 22. Rxe3 f5 23. Rb1 Ra7 24. Reb3 Bg5 25. g3 Rfa8 26. h4 Bh6 27. Rxb7 Be3+
28. Kf1 Rxa3 29. Rb8+ Rxb8 30. Rxb8+ Kf7 31. Rb1 Kf6 32. Rb8 Ra1+ 33. Bd1 Rxd1+
34. Ke2 Ba7 35. Rf8+ Ke7 36. Rg8 Kf7 37. Rd8 Ra1 38. Rd7+ Kf8 39. Rxd6 Ra2+ 40.
Kd1 Bd4 41. Rc6 e4 42. fxe4 fxe4 43. Re6 e3 44. d6 e2+ 45. Rxe2 Rxe2 46. Kxe2
Bc5 47. d7 Ke7 48. Kf3 Kxd7 49. Ke4 Ke6 50. Kf4 h6 51. h5 Be7 52. g4 Kd6 53. Kf5
Kc5 54. Kg6 Bf6 55. g5 hxg5 56. Kf5 Kxc4 57. Kg4 Kd4 58. Kf5 Kd5 59. Kg6 g4 60.
h6 gxh6 61. Kxh6 g3 62. Kg6 g2 63. Kf7 g1=Q 64. Kxf6 Qe1 65. Kf7 Qe6+ 66. Kg7
Qf5 67. Kh8 Qg5 68. Kh7 Ke6 69. Kh8 Kf7 70. Kh7 Qg7# 0-1

[Event "Druzynowe Mistrzostwa Polski Juniorow 2019 - II Liga"]
[Site "Szczyrk"]
[Date "1899-12-30"]
[Round "7.58"]
[White "Chmiel, Pawel"]
[Black "Klim, Juliusz"]
[Result "0-1"]
[WhiteTitle "II"]
[BlackTitle "II"]
[WhiteElo "1367"]
[BlackElo "1220"]

1. e4 e5 2. Nf3 Nc6 3. Bc4 Bc5 4. c3 Nf6 5. O-O Nxe4 6. Qe2 d5 7. Bb5 Bg4 8. d3
Bxf3 9. Qxf3 Nf6 10. Re1 Qe7 11. Bg5 Rd8 12. b4 Bb6 13. Qf5 e4 14. dxe4 dxe4 15.
Bxf6 Qxf6 16. Bxc6+ Qxc6 17. a4 a6 18. h3 O-O 19. Rxe4 Rd1+ 20. Kh2 Bxf2 21. g3
Bg1+ 22. Kg2 Re8 0-1

[Event "Druzynowe Mistrzostwa Polski Juniorow 2019 - II Liga"]
[Site "Szczyrk"]
[Date "1899-12-30"]
[Round "7.59"]
[White "Michalska, Aleksandra"]
[Black "Kulpa, Zuzanna"]
[Result "1-0"]
[WhiteTitle "I++"]
[BlackTitle "I++"]
[WhiteElo "1741"]
[BlackElo "1802"]

1. e4 c6 2. d4 d5 3. exd5 cxd5 4. Bd3 Nc6 5. c3 Qc7 6. Ne2 Bg4 7. f3 Bh5 8. Bf4
Qd7 9. Na3 e6 10. Nc2 Nf6 11. Qd2 Bg6 12. O-O Be7 13. Rfc1 Bxd3 14. Qxd3 O-O 15.
Ne3 Rfd8 16. Bg5 Rac8 17. Ng3 a6 18. f4 h6 19. Bxf6 Bxf6 20. Ng4 Be7 21. f5 exf5
22. Nxf5 Bg5 23. Rf1 h5 24. Nf2 g6 25. Nh3 Bf6 26. Nh6+ Kg7 27. Rxf6 Kxf6 28.
Rf1+ Kg7 29. Rxf7+ Qxf7 30. Nxf7 Kxf7 31. Ng5+ Kf6 32. h4 Rg8 33. Qf3+ Ke7 34.
Qxd5 Rcf8 35. Qe6+ Kd8 36. d5 Ne7 37. d6 Nf5 38. Nf7+ Rxf7 39. Qxf7 Rg7 40. Qe6
b6 41. c4 1-0

[Event "Druzynowe Mistrzostwa Polski Juniorow 2019 - II Liga"]
[Site "Szczyrk"]
[Date "1899-12-30"]
[Round "7.60"]
[White "Kulpa, Karolina"]
[Black "Dzierzgowska, Jagoda"]
[Result "1-0"]
[WhiteTitle "I"]
[BlackTitle "II+"]
[WhiteElo "1273"]
[BlackElo "1000"]

1. d4 d5 2. c4 dxc4 3. e3 e6 4. Bxc4 Bb4+ 5. Bd2 Bxd2+ 6. Nxd2 Nf6 7. Ngf3 O-O
8. O-O Bd7 9. Qb3 b6 10. Ne5 h6 11. Rac1 a6 12. Rc3 Re8 13. Rfc1 Ra7 14. Qc2 a5
15. a4 Rb7 16. Nxd7 Nbxd7 17. Bb5 Nd5 18. Rc4 f5 19. Bc6 Nb4 20. Rxb4 axb4 21.
Bxb7 c5 22. Bc6 Rf8 23. Qc4 Rf6 24. Nf3 Nb8 25. Bb5 Kh8 26. dxc5 bxc5 27. Qxc5
Rf8 28. Qxb4 Qf6 29. h3 Rd8 30. Qc3 Qxc3 31. bxc3 Nd7 32. Bxd7 Rxd7 33. c4 Ra7
34. c5 Kg8 35. c6 Rc7 36. Nd4 Kf7 37. Nb5 Ke7 38. Nxc7 Kf6 39. Nb5 Kg6 40. c7
Kf6 41. c8=Q Kg6 42. Qxe6+ Kg5 43. f4+ Kh5 44. g4+ fxg4 45. hxg4+ Kh4 46. Kf2
h5 47. Rh1# 1-0

[Event "Druzynowe Mistrzostwa Polski Juniorow 2019 - II Liga"]
[Site "Szczyrk"]
[Date "1899-12-30"]
[Round "7.61"]
[White "Piekielny, Pawel"]
[Black "Grzegorski, Michal"]
[Result "1-0"]
[WhiteTitle "I++"]
[BlackTitle "I"]
[WhiteElo "1985"]
[BlackElo "1763"]

1. e4 c5 2. Nf3 d6 3. d4 cxd4 4. Nxd4 Nf6 5. Nc3 a6 6. Bg5 e6 7. f4 Be7 8. Qf3
h6 9. Bh4 Qc7 10. O-O-O Nbd7 11. Be2 b5 12. a3 Bb7 13. g4 Rc8 14. Bxf6 Bxf6 15.
Bxb5 axb5 16. Ndxb5 Qc6 17. Rxd6 Qc5 18. Qd3 Nb8 19. b4 Qc4 20. Qxc4 Rxc4 21.
Rb6 O-O 22. Rxb7 Bxc3 23. Nxc3 Rxc3 24. Kb2 Rfc8 25. Rxb8 Rxc2+ 26. Kb1 1-0

[Event "Druzynowe Mistrzostwa Polski Juniorow 2019 - II Liga"]
[Site "Szczyrk"]
[Date "1899-12-30"]
[Round "7.62"]
[White "Klaska, Szymon"]
[Black "Golinski, Kacper"]
[Result "1-0"]
[WhiteTitle "III"]
[BlackTitle "I"]
[WhiteElo "1332"]
[BlackElo "1761"]

1. e4 e5 2. Bc4 Nf6 3. d4 Nxe4 4. dxe5 Nc5 5. Be3 Ne6 6. f4 c6 7. Nf3 d5 8. Be2
Bc5 9. Bxc5 Nxc5 10. O-O Qb6 11. Qd4 Ne6 12. Qxb6 axb6 13. Nh4 Na6 14. c3 Nac5
15. Nd2 b5 16. Nf5 g6 17. Nd6+ Ke7 18. f5 Nd8 19. f6+ Kf8 20. b3 Be6 21. c4 bxc4
22. bxc4 dxc4 23. Bxc4 b5 24. Bb3 Ndb7 25. N2e4 Bf5 26. Nxc5 Nxc5 27. Bxf7 Ne4
28. Nxf5 Kxf7 29. Nd4 Rhc8 30. Rae1 Nc5 31. e6+ Kf8 32. Rc1 Ne4 33. Rxc6 Rxc6
34. Nxc6 Ra6 35. e7+ Kf7 36. Ne5+ 1-0

[Event "Druzynowe Mistrzostwa Polski Juniorow 2019 - II Liga"]
[Site "Szczyrk"]
[Date "1899-12-30"]
[Round "7.63"]
[White "Szymczak, Krzysztof"]
[Black "Franek, Diana"]
[Result "1-0"]
[WhiteTitle "II"]
[BlackTitle "I"]
[WhiteElo "1157"]
[BlackElo "1318"]

1. d4 d5 2. c4 e6 3. Bf4 Nf6 4. Nf3 Nbd7 5. Nc3 c6 6. e3 Be7 7. Bd3 dxc4 8. Bxc4
Nb6 9. Bb3 Nfd5 10. Bg3 O-O 11. O-O Bd6 12. Bxd6 Qxd6 13. a3 Nxc3 14. bxc3 Rd8
15. Qd3 h6 16. Bc2 g6 17. Ne5 Qe7 18. f4 Nd7 19. Rf3 Nxe5 20. fxe5 Bd7 21. Raf1
Be8 22. Rh3 Kg7 23. Rf4 Bd7 24. Rhf3 Be8 25. Rf6 Rac8 26. g4 Rc7 27. h4 c5 28.
h5 Rdd7 29. hxg6 fxg6 30. Rxg6+ Bxg6 31. Qxg6+ Kh8 32. Qxh6+ Kg8 33. Qg6+ Qg7
34. Qe8+ Qf8 35. Qxf8# 1-0

[Event "Druzynowe Mistrzostwa Polski Juniorow 2019 - II Liga"]
[Site "Szczyrk"]
[Date "1899-12-30"]
[Round "7.64"]
[White "Rosinski, Filip"]
[Black "Lamek, Dawid"]
[Result "1-0"]
[WhiteTitle "II"]
[BlackTitle "II"]
[WhiteElo "1375"]
[BlackElo "1070"]

1. e4 c6 2. d4 d5 3. exd5 cxd5 4. Nc3 Nf6 5. Nf3 Nc6 6. h3 Bf5 7. Bb5 a6 8. Bxc6+
bxc6 9. Ne5 Rc8 10. Qe2 Qb6 11. g4 Bg6 12. f4 h6 13. Nxg6 fxg6 14. Qe6 Rc7 15.
g5 hxg5 16. fxg5 Nh5 17. Qxg6+ Kd8 18. Nxd5 Qxd4 19. Nxc7 Qe5+ 20. Kd1 Ng3 21.
Ne6+ Kc8 22. Re1 Qd5+ 23. Qd3 Qg2 24. Qxa6+ Kd7 25. Qd3+ Kc8 26. Qd8+ Kb7 27.
Nc5+ Ka7 28. Qc7+ 1-0

[Event "Druzynowe Mistrzostwa Polski Juniorow 2019 - II Liga"]
[Site "Szczyrk"]
[Date "1899-12-30"]
[Round "7.65"]
[White "Jedras, Adrianna"]
[Black "Piotrowska, Florentyna"]
[Result "1-0"]
[WhiteTitle "I"]
[BlackTitle "I"]
[WhiteElo "1367"]
[BlackElo "1278"]

1. e4 c5 2. Nf3 e6 3. d4 cxd4 4. Nxd4 a6 5. Bd3 Qc7 6. O-O Nf6 7. Nc3 Be7 8. Qf3
O-O 9. Bg5 h6 10. Be3 d6 11. Qg3 Kh8 12. f4 Nbd7 13. Rf3 b6 14. Qh3 Nh7 15. g4
Nc5 16. g5 hxg5 17. fxg5 e5 18. Nf5 Qd8 19. Rg3 Nd7 20. Be2 g6 21. Qh6 Rg8 22.
Qxh7+ Kxh7 23. Rh3# 1-0

[Event "Druzynowe Mistrzostwa Polski Juniorow 2019 - II Liga"]
[Site "Szczyrk"]
[Date "1899-12-30"]
[Round "7.66"]
[White "Jedrzejewska, Zuzanna"]
[Black "Golinska, Patrycja"]
[Result "1/2-1/2"]
[WhiteTitle "I"]
[BlackTitle "I"]
[WhiteElo "1189"]
[BlackElo "1197"]

1. e4 e5 2. Nf3 Nc6 3. Bb5 Nf6 4. O-O d6 5. Re1 Be7 6. h3 O-O 7. c3 a6 8. Ba4 b5
9. Bb3 Bb7 10. d4 exd4 11. cxd4 Re8 12. Ng5 Rf8 13. Nc3 h6 14. Nf3 Rc8 15. e5
Nd7 16. e6 fxe6 17. Bxe6+ Kh8 18. Qd3 Nb4 19. Qd1 Bxf3 20. gxf3 Qe8 21. Kh1 Rd8
22. a3 Nc6 23. Rg1 Bh4 24. Bxd7 Qxd7 25. Rg2 Rde8 26. Be3 Na5 27. b3 Qc6 28. Ne4
Qd5 29. Rb1 Qf5 30. Nd2 Be7 31. Rh2 d5 32. b4 Nc4 33. Nxc4 dxc4 34. f4 Bd6 35.
Ra1 1/2-1/2

[Event "Druzynowe Mistrzostwa Polski Juniorow 2019 - II Liga"]
[Site "Szczyrk"]
[Date "1899-12-30"]
[Round "7.67"]
[White "Kania, Dominik"]
[Black "Kocierz, Pawel"]
[Result "1-0"]
[WhiteTitle "I"]
[BlackTitle "II"]
[WhiteElo "1948"]
[BlackElo "1309"]

1. e4 c5 2. d4 cxd4 3. c3 dxc3 4. Nxc3 Nc6 5. Nf3 g6 6. Bc4 Bg7 7. O-O Nf6 8. e5
Ng8 9. Bf4 Nh6 10. Qd2 Ng4 11. Rfe1 h5 12. h3 Nh6 13. Rad1 Nf5 14. Ne4 Qa5 15.
Qc1 Bh6 16. g4 hxg4 17. hxg4 Bxf4 18. Qxf4 Nh6 19. Nfg5 Nxe5 1-0

[Event "Druzynowe Mistrzostwa Polski Juniorow 2019 - II Liga"]
[Site "Szczyrk"]
[Date "1899-12-30"]
[Round "7.68"]
[White "Rzasa, Michal"]
[Black "Gardian, Adam"]
[Result "0-1"]
[WhiteTitle "III"]
[BlackTitle "I"]
[WhiteElo "1347"]
[BlackElo "1770"]

1. e4 c5 2. c3 Nf6 3. e5 Nd5 4. d4 cxd4 5. cxd4 Nc6 6. Nf3 d6 7. h3 Bf5 8. Bd3
Bxd3 9. Qxd3 e6 10. O-O Be7 11. Nbd2 dxe5 12. dxe5 O-O 13. b3 Qc7 14. Bb2 Rfd8
15. Qe4 Ndb4 16. Nc4 Nd3 17. Rfd1 Nc5 18. Qe3 Nb4 19. Nd4 a6 20. a3 Nd5 21. Qg3
b5 22. Nd2 Rac8 23. Rac1 Qb7 24. b4 Na4 25. Ba1 Nab6 26. N4b3 Na4 27. Ne4 Kh8
28. Nd6 Bxd6 29. exd6 f6 30. Nc5 Nxc5 31. bxc5 Rc6 32. Bd4 Qd7 33. Qg4 Re8 34.
Re1 Qf7 35. Re2 e5 36. Rce1 Rd8 37. Qf3 exd4 38. Qxd5 Qxd5 39. Re8+ Qg8 40. Rxg8+
Kxg8 41. Re7 Rxc5 42. d7 Kf8 0-1

[Event "Druzynowe Mistrzostwa Polski Juniorow 2019 - II Liga"]
[Site "Szczyrk"]
[Date "1899-12-30"]
[Round "7.69"]
[White "Kubica, Dominik"]
[Black "Czak, Dominik"]
[Result "1-0"]
[WhiteTitle "II+"]
[BlackTitle "III"]
[WhiteElo "1438"]
[BlackElo "1297"]

1. e4 c6 2. Nc3 d5 3. Nf3 dxe4 4. Nxe4 Nf6 5. Nxf6+ gxf6 6. h3 Bf5 7. d4 e6 8.
Bd3 Bg6 9. Bf4 Bd6 10. Bxd6 Qxd6 11. Qd2 Nd7 12. O-O-O O-O-O 13. Kb1 c5 14. Qc3
Kb8 15. Bxg6 hxg6 16. dxc5 Qxc5 17. Rxd7 Qxc3 18. Rxd8+ Rxd8 19. bxc3 Rc8 20.
Kb2 Rc4 21. Rd1 Kc7 22. Rd4 Rc5 23. Kb3 Rb5+ 24. Rb4 Rd5 25. Rc4+ Kb6 26. Rd4
Kc5 27. Rxd5+ Kxd5 28. c4+ Ke4 29. Kb4 Kf4 30. Kc5 e5 31. Kd6 e4 32. Nd2 e3 33.
g3+ 1-0

[Event "Druzynowe Mistrzostwa Polski Juniorow 2019 - II Liga"]
[Site "Szczyrk"]
[Date "1899-12-30"]
[Round "7.70"]
[White "Galla, Wiktor"]
[Black "Zaborski, Igor"]
[Result "1-0"]
[WhiteTitle "III"]
[BlackTitle "II"]
[WhiteElo "1000"]
[BlackElo "1372"]

1. e4 d6 2. Nc3 Nf6 3. d4 g6 4. Nf3 Bg7 5. Bc4 O-O 6. Bg5 Nxe4 7. Nxe4 d5 8. Bd3
dxe4 9. Bxe4 h6 10. Be3 c6 11. Qd2 Kh7 12. h4 f5 13. Bd3 Nd7 14. h5 g5 15. Bxg5
Nb6 16. Be3 Qd6 17. c4 Qe6 18. O-O Nxc4 19. Qe2 Nd6 20. Rfe1 Bf6 21. Bf4 Qf7 22.
Bc2 Nb5 23. Be5 e6 24. Bxf6 Qxf6 25. Qe5 Qf7 26. Bb3 Nc7 27. a3 Nd5 28. Rac1 Qxh5
29. Bxd5 exd5 30. Qc7+ Rf7 31. Re7 Rxe7 32. Qxe7+ Kg8 33. Qd8+ Kg7 34. Re1 f4
35. Re7+ Kg6 36. Qd6+ Kf5 37. Re5+ 1-0

[Event "Druzynowe Mistrzostwa Polski Juniorow 2019 - II Liga"]
[Site "Szczyrk"]
[Date "1899-12-30"]
[Round "7.71"]
[White "Lajdamik, Anna"]
[Black "Trusz, Julia"]
[Result "1/2-1/2"]
[WhiteTitle "I"]
[BlackTitle "I+"]
[WhiteElo "1324"]
[BlackElo "1649"]

1. e4 c5 2. d4 cxd4 3. c3 dxc3 4. Nxc3 Nc6 5. Nf3 d6 6. Bc4 e6 7. Bf4 Nf6 8. O-O
Be7 9. Qe2 e5 10. Be3 O-O 11. Rfd1 Bg4 12. Rd2 a6 13. a4 Rc8 14. a5 Nxa5 15. Bd5
Nxd5 16. Rxd5 Nc4 17. Rad1 Nxe3 18. Qxe3 Bxf3 19. gxf3 Bg5 20. Qe2 Bf4 21. Qf1
Qb6 22. Qe2 Rfd8 23. R5d3 Rd7 24. Nd5 Qd8 25. Nxf4 exf4 26. Qd2 Qg5+ 27. Kh1 Rdc7
28. Rxd6 g6 29. Rd5 Qh4 30. Qa5 Rc1 31. Rxc1 Rxc1+ 32. Kg2 Qe7 33. Qd2 Rb1 34.
Qc2 1/2-1/2

[Event "Druzynowe Mistrzostwa Polski Juniorow 2019 - II Liga"]
[Site "Szczyrk"]
[Date "1899-12-30"]
[Round "7.72"]
[White "Pietrzak, Emilia"]
[Black "Jaros, Emilia"]
[Result "1/2-1/2"]
[WhiteTitle "I"]
[BlackTitle "I"]
[WhiteElo "1320"]
[BlackElo "1112"]

1. e4 e5 2. Nc3 Bc5 3. f4 d6 4. Nf3 Nf6 5. Bc4 Nc6 6. d3 a6 7. Ne2 h6 8. h3 Bd7
9. Ng3 Qe7 10. c3 O-O 11. Qe2 Rfe8 12. f5 Na5 13. Bb3 Nxb3 14. axb3 d5 15. Be3
dxe4 16. dxe4 Bb5 17. c4 Bb4+ 18. Bd2 Bc6 19. O-O Rad8 20. Bc3 Qc5+ 21. Kh1 a5
22. Rfd1 Ra8 23. Qc2 h5 24. Re1 b5 25. Bxb4 Qxb4 26. cxb5 Bxb5 27. Qxc7 Qxb3 28.
Qc3 a4 29. Qxb3 axb3 30. Rxa8 Rxa8 31. Nxe5 Ra2 1/2-1/2

[Event "Druzynowe Mistrzostwa Polski Juniorow 2019 - II Liga"]
[Site "Szczyrk"]
[Date "1899-12-30"]
[Round "7.73"]
[White "Majdanski, Maksymilian"]
[Black "Twardowski, Hubert"]
[Result "1/2-1/2"]
[WhiteTitle "I"]
[BlackTitle "I"]
[WhiteElo "1767"]
[BlackElo "1830"]

1. e4 c6 2. d4 d5 3. Nc3 dxe4 4. Nxe4 Bf5 5. Ng3 Bg6 6. h4 h6 7. Nf3 Nd7 8. h5
Bh7 9. Bd3 Bxd3 10. Qxd3 e6 11. Bd2 Ngf6 12. O-O-O Qc7 13. Kb1 Bd6 14. Ne4 Nxe4
15. Qxe4 Nf6 16. Qe2 O-O-O 17. c3 c5 18. Ne5 Kb8 19. Rhe1 cxd4 20. cxd4 Bxe5 21.
dxe5 Nd5 22. Rc1 Qd7 23. Red1 Rc8 24. Qg4 Rhg8 25. Rxc8+ Qxc8 26. Rc1 Qd8 27.
a3 Ka8 28. Qc4 Kb8 29. Qg4 Ka8 30. Qc4 Kb8 31. Qg4 Ka8 32. Qc4 Kb8 33. Qg4 1/2-1/2

[Event "Druzynowe Mistrzostwa Polski Juniorow 2019 - II Liga"]
[Site "Szczyrk"]
[Date "1899-12-30"]
[Round "7.74"]
[White "Trzebinski, Patryk"]
[Black "Kowalski, Kacper"]
[Result "1-0"]
[WhiteTitle "I"]
[BlackTitle "II"]
[WhiteElo "1679"]
[BlackElo "1317"]

1. e4 e5 2. Nf3 Nc6 3. Bc4 Bc5 4. b4 Bxb4 5. c3 Be7 6. d4 d6 7. dxe5 Nxe5 8. Nxe5
dxe5 9. Qb3 Be6 10. Bxe6 fxe6 11. Qxb7 Nf6 12. Qc6+ Kf7 13. O-O Qd6 14. Qa4 Rhe8
15. Na3 Qd3 16. Nc4 Qxe4 17. Ba3 Qf5 18. Rab1 Ne4 19. Rb7 Nxc3 20. Qd7 Nd5 21.
Rxc7 Kf8 22. Bxe7+ Rxe7 23. Rc8+ Rxc8 24. Qxc8+ Re8 25. Qxe8+ Kxe8 26. Nd6+ Ke7
27. Nxf5+ exf5 28. Rb1 Nb6 29. Rb5 Ke6 30. Ra5 1-0

[Event "Druzynowe Mistrzostwa Polski Juniorow 2019 - II Liga"]
[Site "Szczyrk"]
[Date "1899-12-30"]
[Round "7.75"]
[White "Tarawski, Adrian"]
[Black "Malinowski, Szymon"]
[Result "1-0"]
[WhiteTitle "II+"]
[BlackTitle "I"]
[WhiteElo "1562"]
[BlackElo "1657"]

1. d4 d5 2. Bf4 Nf6 3. e3 Bf5 4. Nf3 Nbd7 5. Nbd2 e6 6. Be2 c5 7. c3 Qb6 8. Qc1
Bd6 9. Ne5 Bxe5 10. dxe5 Ne4 11. Nf3 h6 12. h3 f6 13. O-O g5 14. Bh2 fxe5 15.
Nxe5 Nxe5 16. Bxe5 Rg8 17. f3 Nd6 18. Rd1 Nf7 19. Bg3 O-O-O 20. b4 c4 21. Bf2
Qc7 22. b5 h5 23. b6 axb6 24. e4 dxe4 25. Qb2 exf3 26. Bxf3 g4 27. Bxb6 Rxd1+
28. Rxd1 Qe7 29. hxg4 Bxg4 30. Bxg4 Rxg4 31. Qb5 Rg5 32. Qxc4+ Kb8 33. Qa4 Rd5
34. Qa7+ Kc8 35. Qa8+ Kd7 36. Qxb7+ Ke8 37. Qxe7+ Kxe7 38. Rxd5 exd5 39. a4 Kd6
40. Kf2 Kc6 41. Bd4 Ng5 42. Kg3 Ne4+ 43. Kh4 Kb7 44. Kxh5 Ka6 45. g4 Ka5 46. g5
Nxg5 47. Kxg5 Kxa4 48. Kf5 Kb5 49. Ke6 Kc6 50. Be3 Kc7 51. Kxd5 Kd7 52. c4 Ke8
53. Kc6 Kf7 54. Kd7 Kg6 55. c5 Kf7 56. c6 Kg6 57. c7 Kf7 58. c8=Q Kg6 59. Qf8
Kh7 60. Ke7 Kg6 61. Qf6+ Kh7 62. Bd4 Kg8 63. Qh8# 1-0

[Event "Druzynowe Mistrzostwa Polski Juniorow 2019 - II Liga"]
[Site "Szczyrk"]
[Date "1899-12-30"]
[Round "7.76"]
[White "Dembicki, Karol"]
[Black "Lochinski, Pawel"]
[Result "1-0"]
[WhiteTitle "II"]
[BlackTitle "II"]
[WhiteElo "1397"]
[BlackElo "1138"]

1. e4 e5 2. Nf3 Nc6 3. Bb5 a6 4. Bxc6 dxc6 5. d3 Bd6 6. O-O Ne7 7. Bg5 f6 8. Bh4
O-O 9. Nbd2 Be6 10. Re1 c5 11. Nf1 c6 12. Ne3 Qc7 13. c3 Rfd8 14. Qc2 b5 15. d4
cxd4 16. cxd4 exd4 17. Nf1 c5 18. Rac1 d3 19. Qd1 c4 20. Bg3 Bxg3 21. Nxg3 Bg4
22. Re3 Nc6 23. Qd2 Qf4 24. Rxd3 Qxd2 25. Rxd2 Bxf3 26. Rxd8+ Rxd8 27. gxf3 Ne7
28. Rc2 Ng6 29. Nf5 Nf4 30. Ne3 Kf7 31. Kf1 Ke6 32. Ke1 g6 33. b3 cxb3 34. axb3
Rd3 35. Rc6+ Kf7 36. b4 Rb3 37. Rxa6 Rxb4 38. Nd5 Rb1+ 39. Kd2 Rb2+ 40. Kc3 Rxf2
41. Rxf6+ 1-0

[Event "Druzynowe Mistrzostwa Polski Juniorow 2019 - II Liga"]
[Site "Szczyrk"]
[Date "1899-12-30"]
[Round "7.77"]
[White "Zalucka, Emilia"]
[Black "Filipska, Maja"]
[Result "1/2-1/2"]
[WhiteTitle "I"]
[BlackTitle "I++"]
[WhiteElo "1440"]
[BlackElo "1602"]

1. e4 d5 2. exd5 Nf6 3. Nf3 Nxd5 4. d4 g6 5. c4 Nb6 6. Be2 Bg7 7. O-O O-O 8. Be3
Bg4 9. Nbd2 Nc6 10. h3 Bf5 11. Nb3 a5 12. Nc5 Nd7 13. Nxd7 Bxd7 14. Qd2 e5 15.
d5 Ne7 16. g4 f5 17. Nh2 f4 18. Bc5 b6 19. Bxe7 Qxe7 20. f3 Qh4 21. Bd3 Qxh3 22.
Qg2 Qh4 23. Rfd1 Qe7 24. Rac1 Rab8 25. Be4 Rfd8 26. Nf1 Bf8 27. Nd2 Qc5+ 28. Kh1
Qb4 29. Nb1 Qe7 30. b3 a4 31. Nc3 axb3 32. axb3 Qh4+ 33. Qh2 Qxh2+ 34. Kxh2 Bd6
35. Bd3 Ra8 36. Ra1 Ra3 37. Rxa3 Bxa3 38. Ne4 Bb2 39. Rd2 Bd4 40. Ra2 Kf7 41.
Ra7 Ke7 42. b4 h5 43. g5 Rb8 1/2-1/2

[Event "Druzynowe Mistrzostwa Polski Juniorow 2019 - II Liga"]
[Site "Szczyrk"]
[Date "1899-12-30"]
[Round "7.78"]
[White "Skolska, Emilia"]
[Black "Ziobrowska, Maja"]
[Result "1-0"]
[WhiteTitle "I"]
[BlackTitle "I"]
[WhiteElo "1359"]
[BlackElo "1491"]

1. e4 e5 2. Nf3 Nc6 3. d4 exd4 4. Bc4 Nf6 5. O-O Bc5 6. e5 d5 7. exf6 dxc4 8. fxg7
Rg8 9. Re1+ Be7 10. Bg5 Be6 11. Bxe7 Qxe7 12. Nbd2 Qc5 13. Ne4 Qe7 14. Nxd4 Rd8
15. Nxc6 Rxd1 16. Nxe7 Rxe1+ 17. Rxe1 Kxe7 18. Nc5 b6 19. Nxe6 fxe6 20. Re4 b5
21. Re5 c6 22. Rc5 Kd6 23. Rg5 e5 24. g4 Ke6 25. f3 a5 26. Kf2 b4 27. Ke3 a4 28.
Ke4 Kd6 29. h4 b3 30. cxb3 axb3 31. axb3 cxb3 32. Kd3 h6 33. Rg6+ Kd5 34. Kc3
c5 35. g5 hxg5 36. h5 e4 37. fxe4+ Kxe4 38. h6 Kf5 39. h7 1-0

[Event "Druzynowe Mistrzostwa Polski Juniorow 2019 - II Liga"]
[Site "Szczyrk"]
[Date "1899-12-30"]
[Round "7.79"]
[White "Niemier, Hubert"]
[Black "Marczak, Szymon"]
[Result "1/2-1/2"]
[WhiteTitle "I"]
[BlackTitle "I++"]
[WhiteElo "1764"]
[BlackElo "1857"]

1. d4 c5 2. d5 f5 3. c4 g6 4. Nc3 Bg7 5. Qc2 d6 6. f3 Nf6 7. e4 O-O 8. Bd3 fxe4
9. Nxe4 Nbd7 10. Ne2 Ne5 11. O-O Nxd3 12. Qxd3 Nxe4 13. fxe4 Rxf1+ 14. Kxf1 Qf8+
15. Kg1 Bg4 16. Rb1 Bxe2 17. Qxe2 Bd4+ 18. Be3 Qf6 19. g3 Rf8 20. Kg2 Kg7 21.
Rf1 Qxf1+ 22. Qxf1 Bxe3 23. Qe1 Bd4 24. b4 Rf2+ 25. Kh3 cxb4 26. Qxb4 b6 27. Qa4
a5 28. Qd7 Kf8 29. Qc8+ Kf7 30. Qe6+ Kf8 31. Qc8+ 1/2-1/2